000
00346nam a22001457a 4500
008
210602b ||||| |||| 00| 0 eng d
020
_a
0927364042
041
_a
eng
080
_a
004
082
_a
004
100
_a
28
101
_a
SHKI
245
_a
The Art & Craft og Technology Business Incubation
_c
Louis G. Tornatzky
942
_2
udc
_c
BK
999
_c
57886
_d
57886